000
00276nam a2200097Ia 4500
008
240331s9999 xx 000 0 und d
082
_b
GAN
100
_a
Gandhi, N
245
4
_a
The issues at stake :
_b
theory and practice in the contemporary women's movements in India
942
_c
L
999
_c
1912
_d
1912